01361cam a2200337 a 450000100090000000300040000900500170001300800410003001000170007102000180008802500410010603500270014703700530017404000190022704200150024604300120026105000230027308200180029610000230031424501230033726000380046030000340049850400510053270000330058371000290061690600450064594200420069095201370073295201370086999900170100617318063OSt20200618105618.0120309s2012 ii a b 001 0 eng  a 2012354118 a9789380607283 aI-E-2012-354118; 59-91; 60-91; 61-91 a(IN-NdUBS) 2012354118 bLibrary of Congress -- New Delhi Overseas Office aDLCcoclcdDLC alcodeapcc aa-ii---00aDS402.5b.R43 2012 a954.05bJAF/R 92999aJafri, S Z H00aRecording the progress of Indian history :bsymposia papers of the Indian History Congress, 1992-2010 /cS.Z.H. Jafri. aNew Delhi :bPrimus Books,c2012. axii, 546 p. :bill. ;c25 cm. aIncludes bibliographical references and index.1 aJafri, Saiyid Zaheer Husain.2 aIndian History Congress. a7bcbccorigoded3encipf20gy-gencatlg 2ddccBKh954.05iJAF/Rk954.05mJAF/R 00102ddc40708HISTORYaMESbMEScHISd2019-02-20g1495.00l0o954.05 JAF/Rp37162r2019-02-20 00:00:00t2w2019-02-20yBKzGL37R3 00102ddc40708HISTORYaMESbMEScHISd2019-02-20g1495.00l0o954.05 JAF/Rp37692r2019-02-20 00:00:00t1w2019-02-20yBKzGL37R3 c21653d21653